[Event "Struga zt"]
[Site "Struga"]
[Date "1995.??.??"]
[Round "?"]
[White "Zelcic, Robert"]
[Black "Sutovsky, Emil"]
[Result "0-1"]
[WhiteElo "2500"]
[BlackElo "2545"]
[EventDate "1995.03.??"]
[PlyCount "58"]

1.e4 c5 2.Nf3 Nc6 3.d4 cxd4 4.Nxd4 Nf6 5.Nc3 e5 6.Ndb5 d6 7.Nd5 Nxd5 8.
exd5 Nb8 9.a4 Be7 10.Be2 O-O 11.O-O Nd7 12.Kh1 a6 13.Na3 f5 14.f4 Bf6 15.
Nc4 Nb6 16.fxe5 dxe5 17.Ne3 Bg5 18.c4 f4 19.a5 Nd7 20.Nc2 e4 21.Qd4 Qe8 
22.Bg4 Qg6 23.Qc3 Nc5 24.Be2 e3 25.Nxe3 fxe3 26.Rxf8+ Kxf8 27.Bxe3 Ne4 28.
Qb4+ Kg8 29.Rf1 Ng3+ 0-1